Focus sur: Bifur - Tolkien - Statistiques

Statistiques générales
  • Ce quiz a été pris 17 fois
  • Le résultat moyen est 6 sur 7
Statistiques - réponses
Informations recherchées Réponses % Correct
Groupe auquel il appartient Compagnie de Thorin
100%
Première apparition Le Hobbit
100%
Espèce Nain
100%
Couleur des cheveux Noir/sombre
100%
Royaume Erebor
94%
Ages durant lequel il vécut Troisième/Quatrième
94%
Acteur l'interprétant dans les films William Kitcher
0%
Aucun quiz correspondant
Distribution des résultats
% des personnes avec chaque résultat
Percentile par nombre de réponses
Votre historique - résultats
Vous n’avez pas pris ce quiz